000
00214nam a22001097a 4500
999
_c
65193
_d
65190
082
_a
297HAM
100
_a
Hamood- Ur - Rehman
245
_a
Reflections on Islam
260
_a
Lahore
300
_a
280p
942
_c
BK